Real and complex singularities, Oslo 1976 : proceedings of the Nordic Summer School/NAVF Symposium in Mathematics, Oslo, August 5-25, 1976 /
Guardado en:
| Autores Corporativos: | , , , |
|---|---|
| Otros Autores: | |
| Formato: | Libro |
| Idioma: | English German |
| Publicado: |
Alphen aan den Rijn [Holanda] :
Sijthoff & Noordhoff International,
c1977.
|
| Materias: | |
| Etiquetas: |
Agregar Etiqueta
Sin Etiquetas, Sea el primero en etiquetar este registro!
|
| LEADER | 02646cam a2200325 a 4500 | ||
|---|---|---|---|
| 001 | MAT.inmabb002988 | ||
| 008 | 780531s1977####ne#######b####100#0#eng## | ||
| 005 | 20130304121958.0 | ||
| 245 | 1 | 0 | |a Real and complex singularities, Oslo 1976 : |b proceedings of the Nordic Summer School/NAVF Symposium in Mathematics, Oslo, August 5-25, 1976 / |c P. Holm, editor. |
| 260 | |a Alphen aan den Rijn [Holanda] : |b Sijthoff & Noordhoff International, |c c1977. | ||
| 300 | |a v, 686 p. ; |c 25 cm. | ||
| 500 | |a "Sponsored by Nordic Research Courses of the Nordic Cultural Commission." | ||
| 546 | |a En inglés o alemán. | ||
| 504 | |a Incluye referencias bibliográficas. | ||
| 505 | 0 | |a Allen B. Altman, Anthony Iarrobino and Steven L. Kleiman, Irreducibility of the compactified Jacobian -- Aldo Andreotti and Per Holm, quasianalytic and parametric spaces -- Gottfried Barthel, Topologie normaler gewichtet homogener Flächen -- Edward Bierstone, Generic equivariant maps -- Jean-Luc Brylinski, Cohomology of a type of affine hypersurfaces -- William Fulton and Dan Laksov, Residual intersections and the double point formula -- William Fulton and Robert MacPherson, Intersecting cycles on an algebraic variety -- Heisuke Hironaka, Stratification and flatness -- Ludger Kaup, Exakte Sequenzen für globale und lokale Poincaré-Homomorphismen -- Steven L. Kleiman, The enumerative theory of singularities -- Lê D ung Tráng, Some remarks on relative monodromy -- Peter Orlik, The multiplicity of a holomorphic map at an isolated critical point -- Ragni Piene, Numerical characters of a curve in projective $n$-space -- Dirk Siersma, Periodicities in Arnold's lists of singularities -- J. H. M. Steenbrink, Mixed Hodge structure on the vanishing cohomology -- Bernard Teissier, The hunting of invariants in the geometry of discriminants -- D. J. A. Trotman, Counterexamples in stratification theory: two discordant horns. | |
| 510 | 4 | |a MR, |c 56 #15635 | |
| 020 | |a 9028600973 | ||
| 111 | 2 | |a Nordic Summer School in Mathematics |n (9ª : |d 1976 : |c Oslo, Noruega) | |
| 700 | 1 | |a Holm, Per, |d 1934- |4 edt | |
| 711 | 2 | |a NAVF Symposium in Mathematics |d (1976 : |c Oslo, Noruega) | |
| 710 | 2 | |a Nordic Council of Ministers. |b Secretariat for Nordic Cultural Co-operation. | |
| 710 | 2 | |a Norges almenvitenskapelige forskningsråd. | |
| 650 | 0 | |a Functions of several complex variables |x Congresses. | |
| 650 | 0 | |a Functions of several real variables |x Congresses. | |
| 650 | 0 | |a Singularities (Mathematics) |x Congresses. | |
| 084 | |a 14-06 (32-06 58C25) |2 msc2000 | ||
| 010 | |a 78305460 | ||
| 040 | |a DLC |c DLC |d DLC | ||
| 041 | 0 | |a eng |a ger | |
| 859 | |h 14 |i N832 |p A-4906 |b BIB. MATEMATICA | ||
